[Event "Russian Rapid Championship (m)"]
[Site "Sochi"]
[Date "2022.10.15"]
[Round "3.16"]
[White "Iljiushenok, Ilia"]
[Black "Kazmin, Semen"]
[Result "1-0"]
[BlackElo "2130"]
[WhiteElo "2467"]
[LiveChessVersion "1.4.8"]

1. e4 {[%clk 0:13:26]} e6 {[%clk 0:15:18]} 2. d4 {[%clk 0:13:34]} d5
{[%clk 0:15:27]} 3. Nc3 {[%clk 0:13:39]} Bb4 {[%clk 0:15:34]} 4. e5
{[%clk 0:13:48]} c5 {[%clk 0:15:39]} 5. a3 {[%clk 0:13:57]} Bxc3+
{[%clk 0:15:47]} 6. bxc3 {[%clk 0:14:06]} Ne7 {[%clk 0:15:55]} 7. Qg4
{[%clk 0:14:13]} Qc7 {[%clk 0:16:02]} 8. Bd3 {[%clk 0:13:41]} cxd4
{[%clk 0:16:00]} 9. Ne2 {[%clk 0:11:45]} dxc3 {[%clk 0:16:01]} 10. Qxg7
{[%clk 0:11:08]} Rg8 {[%clk 0:16:09]} 11. Qxh7 {[%clk 0:11:17]} Qxe5
{[%clk 0:15:58]} 12. h4 {[%clk 0:11:07]} Nbc6 {[%clk 0:16:02]} 13. Bf4
{[%clk 0:11:12]} Qf6 {[%clk 0:15:00]} 14. Bg5 {[%clk 0:11:21]} Qe5
{[%clk 0:15:06]} 15. f4 {[%clk 0:11:00]} Qc7 {[%clk 0:13:43]} 16. h5
{[%clk 0:10:27]} Bd7 {[%clk 0:13:06]} 17. h6 {[%clk 0:10:35]} O-O-O
{[%clk 0:11:46]} 18. Qxf7 {[%clk 0:10:16]} Rdf8 {[%clk 0:11:36]} 19. Qh5
{[%clk 0:10:25]} Nf5 {[%clk 0:09:27]} 20. h7 {[%clk 0:08:23]} Rh8
{[%clk 0:09:34]} 21. g4 {[%clk 0:08:25]} Ne3 {[%clk 0:07:51]} 22. Qh3
{[%clk 0:07:37]} Qb6 {[%clk 0:06:45]} 23. Nxc3 {[%clk 0:03:11]} Qd4
{[%clk 0:04:00]} 24. Nb5 {[%clk 0:03:17]} Nxc2+ {[%clk 0:02:29]} 25. Ke2
{[%clk 0:02:31]} Qb2 {[%clk 0:01:39]} 26. Rhb1 {[%clk 0:02:15]} N2d4+
{[%clk 0:01:47]} 27. Ke3 {[%clk 0:01:53]} Nc2+ {[%clk 0:01:55]} 28. Kd2
{[%clk 0:01:59]} Qxa1 {[%clk 0:01:35]} 29. Rxa1 {[%clk 0:02:06]} Nxa1
{[%clk 0:01:43]} 30. Bg6 {[%clk 0:01:39]} 1-0

[Event "Russian Rapid Championship (m)"]
[Site "Sochi"]
[Date "2022.10.15"]
[Round "3.17"]
[White "Bocharov, Dmitry"]
[Black "Elizarov, Dmitry"]
[Result "0-1"]
[BlackElo "2368"]
[WhiteElo "2562"]
[LiveChessVersion "1.4.8"]

1. d4 {[%clk 0:15:17]} d5 {[%clk 0:15:14]} 2. c4 {[%clk 0:15:23]} c6
{[%clk 0:15:20]} 3. Nf3 {[%clk 0:15:30]} Nf6 {[%clk 0:15:26]} 4. g3
{[%clk 0:15:38]} e6 {[%clk 0:15:24]} 5. Bg2 {[%clk 0:15:43]} Be7 {[%clk 0:15:31]}
6. O-O {[%clk 0:15:47]} O-O {[%clk 0:15:38]} 7. Nbd2 {[%clk 0:15:54]} b6
{[%clk 0:15:46]} 8. Qc2 {[%clk 0:16:02]} a5 {[%clk 0:15:50]} 9. e4
{[%clk 0:16:05]} Na6 {[%clk 0:15:25]} 10. Rd1 {[%clk 0:16:04]} Bb7
{[%clk 0:15:27]} 11. e5 {[%clk 0:14:14]} Nd7 {[%clk 0:15:33]} 12. cxd5
{[%clk 0:14:22]} cxd5 {[%clk 0:15:41]} 13. a3 {[%clk 0:14:17]} Rc8
{[%clk 0:15:46]} 14. Qb1 {[%clk 0:14:18]} Qc7 {[%clk 0:15:02]} 15. Bf1
{[%clk 0:13:51]} Qc2 {[%clk 0:15:07]} 16. Qxc2 {[%clk 0:13:58]} Rxc2
{[%clk 0:15:15]} 17. Nb1 {[%clk 0:14:06]} Rcc8 {[%clk 0:15:03]} 18. Nc3
{[%clk 0:14:12]} Nc7 {[%clk 0:13:51]} 19. Bg5 {[%clk 0:13:39]} Bxg5
{[%clk 0:13:57]} 20. Nxg5 {[%clk 0:13:47]} Ba6 {[%clk 0:14:03]} 21. Bxa6
{[%clk 0:13:21]} Nxa6 {[%clk 0:14:10]} 22. Rac1 {[%clk 0:13:26]} h6
{[%clk 0:12:19]} 23. Nf3 {[%clk 0:13:15]} Ndb8 {[%clk 0:06:31]} 24. Nb5
{[%clk 0:12:47]} Nc6 {[%clk 0:06:38]} 25. Nd6 {[%clk 0:12:36]} Rc7
{[%clk 0:06:45]} 26. Rc3 {[%clk 0:12:33]} Ne7 {[%clk 0:06:39]} 27. Rxc7
{[%clk 0:11:30]} Nxc7 {[%clk 0:06:47]} 28. Rc1 {[%clk 0:11:39]} Na6
{[%clk 0:06:55]} 29. Ne1 {[%clk 0:10:45]} Rd8 {[%clk 0:04:36]} 30. Nd3
{[%clk 0:10:38]} Nb8 {[%clk 0:04:35]} 31. Rc7 {[%clk 0:05:17]} Nec6
{[%clk 0:02:18]} 32. Nb5 {[%clk 0:03:40]} Rd7 {[%clk 0:02:22]} 33. Rc8+
{[%clk 0:03:43]} Rd8 {[%clk 0:02:31]} 34. Rxd8+ {[%clk 0:03:50]} Nxd8
{[%clk 0:02:40]} 35. f4 {[%clk 0:03:57]} h5 {[%clk 0:02:31]} 36. Kf2
{[%clk 0:03:52]} Ndc6 {[%clk 0:02:07]} 37. f5 {[%clk 0:03:30]} exf5
{[%clk 0:01:40]} 38. Nf4 {[%clk 0:03:36]} Ne7 {[%clk 0:01:46]} 39. Nc3
{[%clk 0:03:37]} Nbc6 {[%clk 0:01:38]} 40. Ke3 {[%clk 0:03:43]} g6
{[%clk 0:00:22]} 41. Ncxd5 {[%clk 0:03:31]} Nxd5+ {[%clk 0:00:30]} 42. Nxd5
{[%clk 0:03:39]} b5 {[%clk 0:00:39]} 43. Nc7 {[%clk 0:03:23]} b4 {[%clk 0:00:47]}
44. axb4 {[%clk 0:03:30]} Nxb4 {[%clk 0:00:35]} 45. d5 {[%clk 0:03:25]} Kf8
{[%clk 0:00:39]} 46. Kd4 {[%clk 0:03:19]} Ke7 {[%clk 0:00:46]} 47. Nb5
{[%clk 0:03:10]} g5 {[%clk 0:00:39]} 48. Nc3 {[%clk 0:02:13]} f4 {[%clk 0:00:21]}
49. gxf4 {[%clk 0:02:18]} gxf4 {[%clk 0:00:30]} 50. Ke4 {[%clk 0:01:53]} f3
{[%clk 0:00:36]} 51. Nd1 {[%clk 0:02:01]} f6 {[%clk 0:00:21]} 52. e6
{[%clk 0:01:23]} f5+ {[%clk 0:00:12]} 53. Ke5 {[%clk 0:00:52]} Nd3+
{[%clk 0:00:20]} 54. Kxf5 {[%clk 0:01:01]} f2 {[%clk 0:00:13]} 55. Ne3
{[%clk 0:01:10]} Nxb2 {[%clk 0:00:21]} 56. d6+ {[%clk 0:01:04]} Kxd6
{[%clk 0:00:16]} 57. Kf6 {[%clk 0:01:12]} Nd1 {[%clk 0:00:20]} 58. Nf1
{[%clk 0:00:17]} Nc3 {[%clk 0:00:24]} 59. Kf7 {[%clk 0:00:11]} Nd5
{[%clk 0:00:31]} 0-1

[Event "Russian Rapid Championship (m)"]
[Site "Sochi"]
[Date "2022.10.15"]
[Round "3.18"]
[White "Vastrukhin, Oleg"]
[Black "Timofeev, Artyom"]
[Result "0-1"]
[BlackElo "2560"]
[WhiteElo "2358"]
[LiveChessVersion "1.4.8"]

1. Nf3 {[%clk 0:15:09]} Nf6 {[%clk 0:15:08]} 2. g3 {[%clk 0:15:16]} g6
{[%clk 0:14:56]} 3. Bg2 {[%clk 0:15:21]} Bg7 {[%clk 0:15:04]} 4. O-O
{[%clk 0:15:28]} O-O {[%clk 0:15:11]} 5. c4 {[%clk 0:15:36]} c6 {[%clk 0:15:11]}
6. Nc3 {[%clk 0:15:43]} d5 {[%clk 0:15:07]} 7. cxd5 {[%clk 0:15:45]} cxd5
{[%clk 0:15:14]} 8. d4 {[%clk 0:15:52]} Nc6 {[%clk 0:15:17]} 9. Bf4
{[%clk 0:16:00]} Ne4 {[%clk 0:14:15]} 10. Rc1 {[%clk 0:16:06]} Nxc3
{[%clk 0:14:04]} 11. bxc3 {[%clk 0:16:14]} Na5 {[%clk 0:13:39]} 12. Nd2
{[%clk 0:16:08]} Be6 {[%clk 0:13:40]} 13. h4 {[%clk 0:15:05]} h6 {[%clk 0:13:17]}
14. e4 {[%clk 0:15:02]} dxe4 {[%clk 0:12:54]} 15. Nxe4 {[%clk 0:11:26]} Rc8
{[%clk 0:12:56]} 16. Qd2 {[%clk 0:10:48]} Nc4 {[%clk 0:12:55]} 17. Qe2
{[%clk 0:10:57]} Bd5 {[%clk 0:12:45]} 18. Rfe1 {[%clk 0:11:04]} e6
{[%clk 0:12:39]} 19. Nd2 {[%clk 0:08:30]} b5 {[%clk 0:11:30]} 20. Nxc4
{[%clk 0:08:30]} Rxc4 {[%clk 0:11:32]} 21. Bf1 {[%clk 0:06:11]} Bc6
{[%clk 0:11:16]} 22. f3 {[%clk 0:03:44]} Ra4 {[%clk 0:09:49]} 23. Be5
{[%clk 0:02:50]} Qd5 {[%clk 0:09:43]} 24. Bxg7 {[%clk 0:02:46]} Kxg7
{[%clk 0:09:51]} 25. Rc2 {[%clk 0:02:45]} a6 {[%clk 0:07:18]} 26. Bg2
{[%clk 0:02:54]} Rc8 {[%clk 0:07:07]} 27. Kh2 {[%clk 0:03:02]} Qd6
{[%clk 0:07:06]} 28. h5 {[%clk 0:02:13]} gxh5 {[%clk 0:06:56]} 29. f4
{[%clk 0:02:09]} Bxg2 {[%clk 0:06:50]} 30. Qxg2 {[%clk 0:02:18]} Qd5
{[%clk 0:06:49]} 31. Qf2 {[%clk 0:02:06]} Rac4 {[%clk 0:02:00]} 32. Re5
{[%clk 0:02:09]} Qc6 {[%clk 0:02:07]} 33. f5 {[%clk 0:02:03]} exf5
{[%clk 0:02:13]} 34. Rxf5 {[%clk 0:01:52]} Qg6 {[%clk 0:02:20]} 35. Re2
{[%clk 0:01:26]} Rxc3 {[%clk 0:02:18]} 36. d5 {[%clk 0:01:24]} h4
{[%clk 0:00:19]} 37. gxh4 {[%clk 0:01:29]} Qg4 {[%clk 0:00:21]} 38. Qg2
{[%clk 0:01:24]} Rh3+ {[%clk 0:00:21]} 39. Qxh3 {[%clk 0:00:49]} Qxe2+
{[%clk 0:00:29]} 40. Qg2+ {[%clk 0:00:56]} Qxg2+ {[%clk 0:00:38]} 41. Kxg2
{[%clk 0:01:06]} Rc2+ {[%clk 0:00:29]} 42. Kf3 {[%clk 0:01:14]} Rxa2
{[%clk 0:00:38]} 43. Ke3 {[%clk 0:01:23]} Ra1 {[%clk 0:00:40]} 44. Kd4
{[%clk 0:01:22]} b4 {[%clk 0:00:43]} 45. Kc4 {[%clk 0:00:34]} a5 {[%clk 0:00:49]}
46. d6 {[%clk 0:00:40]} Rc1+ {[%clk 0:00:40]} 47. Kb3 {[%clk 0:00:29]} Rd1
{[%clk 0:00:47]} 48. Rxa5 {[%clk 0:00:15]} Rxd6 {[%clk 0:00:56]} 49. Kxb4
{[%clk 0:00:20]} Rd4+ {[%clk 0:01:03]} 50. Kc3 {[%clk 0:00:27]} Rxh4
{[%clk 0:01:11]} 51. Kd3 {[%clk 0:00:37]} Rf4 {[%clk 0:01:17]} 52. Ke3
{[%clk 0:00:46]} Rf6 {[%clk 0:01:26]} 53. Ke4 {[%clk 0:00:46]} Kg6
{[%clk 0:01:33]} 54. Ra8 {[%clk 0:00:55]} h5 {[%clk 0:01:40]} 55. Rg8+
{[%clk 0:01:00]} Kh6 {[%clk 0:01:49]} 56. Ke5 {[%clk 0:00:43]} Rf2
{[%clk 0:01:46]} 57. Ke4 {[%clk 0:00:13]} h4 {[%clk 0:01:49]} 58. Ke3
{[%clk 0:00:21]} Rf6 {[%clk 0:01:57]} 59. Ke2 {[%clk 0:00:12]} Kh5
{[%clk 0:02:03]} 60. Rh8+ {[%clk 0:00:11]} Kg4 {[%clk 0:02:09]} 61. Rg8+
{[%clk 0:00:17]} Kh3 {[%clk 0:02:16]} 62. Rh8 {[%clk 0:00:24]} Kg3
{[%clk 0:01:59]} 63. Rg8+ {[%clk 0:00:31]} Kh2 {[%clk 0:02:03]} 64. Rg7
{[%clk 0:00:35]} h3 {[%clk 0:01:58]} 65. Ke1 {[%clk 0:00:40]} Rg6
{[%clk 0:01:25]} 66. Rxf7 {[%clk 0:00:48]} Kg3 {[%clk 0:01:20]} 67. Kf1
{[%clk 0:00:23]} h2 {[%clk 0:01:27]} 68. Rh7 {[%clk 0:00:32]} Rg4
{[%clk 0:01:36]} 69. Rh8 {[%clk 0:00:27]} Rf4+ {[%clk 0:01:44]} 70. Ke2
{[%clk 0:00:24]} Rh4 {[%clk 0:01:51]} 0-1

[Event "Russian Rapid Championship (m)"]
[Site "Sochi"]
[Date "2022.10.15"]
[Round "3.19"]
[White "Pershin, Denis"]
[Black "Rozum, Ivan"]
[Result "0-1"]
[BlackElo "2540"]
[WhiteElo "2345"]
[LiveChessVersion "1.4.8"]

1. d4 {[%clk 0:15:18]} Nf6 {[%clk 0:15:17]} 2. c4 {[%clk 0:15:26]} d6
{[%clk 0:15:25]} 3. Nf3 {[%clk 0:15:33]} g6 {[%clk 0:15:32]} 4. Nc3
{[%clk 0:15:17]} Bf5 {[%clk 0:15:39]} 5. g3 {[%clk 0:15:16]} Bg7 {[%clk 0:15:46]}
6. Bg2 {[%clk 0:15:23]} Ne4 {[%clk 0:15:54]} 7. Nxe4 {[%clk 0:13:58]} Bxe4
{[%clk 0:16:02]} 8. O-O {[%clk 0:13:17]} O-O {[%clk 0:16:09]} 9. Re1
{[%clk 0:09:46]} Nc6 {[%clk 0:14:47]} 10. Be3 {[%clk 0:09:30]} d5
{[%clk 0:14:45]} 11. b3 {[%clk 0:07:21]} a5 {[%clk 0:12:50]} 12. Rc1
{[%clk 0:07:01]} e6 {[%clk 0:12:21]} 13. Qd2 {[%clk 0:06:55]} Re8
{[%clk 0:11:25]} 14. Red1 {[%clk 0:07:03]} Qe7 {[%clk 0:11:23]} 15. Ne1
{[%clk 0:06:26]} Bxg2 {[%clk 0:11:25]} 16. Kxg2 {[%clk 0:06:34]} a4
{[%clk 0:11:21]} 17. Nf3 {[%clk 0:06:02]} axb3 {[%clk 0:11:18]} 18. axb3
{[%clk 0:06:12]} Ra3 {[%clk 0:11:00]} 19. Qb2 {[%clk 0:04:36]} Qb4
{[%clk 0:11:00]} 20. Nd2 Rea8 {[%clk 0:11:04]} 21. Ra1 {[%clk 0:02:42]} R8a6
{[%clk 0:06:46]} 22. Rxa3 {[%clk 0:02:31]} Rxa3 {[%clk 0:06:46]} 23. Ra1
{[%clk 0:01:34]} Ra5 {[%clk 0:05:14]} 24. Nf3 {[%clk 0:01:34]} Rxa1
{[%clk 0:05:14]} 25. Qxa1 {[%clk 0:01:43]} Qa5 {[%clk 0:05:22]} 26. Qb2
{[%clk 0:00:53]} h6 {[%clk 0:05:22]} 27. Bd2 {[%clk 0:00:59]} Qa6
{[%clk 0:05:19]} 28. cxd5 exd5 {[%clk 0:05:23]} 29. Bc3 {[%clk 0:00:51]} g5
{[%clk 0:05:23]} 30. g4 {[%clk 0:00:39]} Na7 {[%clk 0:04:52]} 31. Qa1
{[%clk 0:00:30]} Qxa1 {[%clk 0:04:59]} 32. Bxa1 {[%clk 0:00:39]} c5
{[%clk 0:05:03]} 33. e3 {[%clk 0:00:26]} Nc6 {[%clk 0:05:12]} 34. Kf1
{[%clk 0:00:33]} Kf8 {[%clk 0:04:42]} 35. Ke2 {[%clk 0:00:38]} Ke7
{[%clk 0:04:50]} 36. Kd3 {[%clk 0:00:41]} b5 {[%clk 0:04:56]} 37. Nd2
{[%clk 0:00:25]} Ke6 {[%clk 0:04:53]} 38. h3 {[%clk 0:00:27]} f5 {[%clk 0:04:08]}
39. gxf5+ {[%clk 0:00:14]} Kxf5 {[%clk 0:04:17]} 40. f3 {[%clk 0:00:21]} cxd4
{[%clk 0:03:58]} 41. Nf1 {[%clk 0:00:13]} Ne5+ {[%clk 0:02:57]} 42. Ke2
{[%clk 0:00:22]} d3+ {[%clk 0:03:05]} 43. Kd1 {[%clk 0:00:32]} Kg6
{[%clk 0:02:41]} 44. Bxe5 {[%clk 0:00:13]} Bxe5 {[%clk 0:02:50]} 45. Kd2
{[%clk 0:00:19]} Kh5 {[%clk 0:02:58]} 46. Kxd3 {[%clk 0:00:23]} Kh4
{[%clk 0:03:07]} 47. e4 {[%clk 0:00:32]} d4 {[%clk 0:03:06]} 48. f4
{[%clk 0:00:26]} gxf4 {[%clk 0:02:30]} 49. Nh2 {[%clk 0:00:20]} Kg3
{[%clk 0:02:24]} 50. Ng4 {[%clk 0:00:29]} f3 {[%clk 0:02:29]} 51. Kxd4 0-1

[Event "Russian Rapid Championship (m)"]
[Site "Sochi"]
[Date "2022.10.15"]
[Round "3.20"]
[White "Ponkratov, Pavel"]
[Black "Timerkhanov, Alexander"]
[Result "1-0"]
[BlackElo "2341"]
[WhiteElo "2518"]
[LiveChessVersion "1.4.8"]

1. g3 {[%clk 0:15:18]} d5 {[%clk 0:15:15]} 2. Nf3 {[%clk 0:15:26]} Bg4
{[%clk 0:15:22]} 3. Bg2 {[%clk 0:15:35]} Nd7 {[%clk 0:15:22]} 4. h3
{[%clk 0:15:42]} Bxf3 {[%clk 0:15:05]} 5. Bxf3 {[%clk 0:15:50]} c6
{[%clk 0:15:13]} 6. Bg2 {[%clk 0:15:58]} Ngf6 {[%clk 0:15:15]} 7. O-O
{[%clk 0:16:05]} e6 {[%clk 0:15:14]} 8. d3 {[%clk 0:16:06]} Bd6 {[%clk 0:15:00]}
9. e4 {[%clk 0:16:09]} Qe7 {[%clk 0:15:00]} 10. exd5 {[%clk 0:16:09]} cxd5
{[%clk 0:15:03]} 11. c4 {[%clk 0:16:18]} O-O {[%clk 0:14:46]} 12. Nc3
{[%clk 0:16:26]} Nb6 {[%clk 0:14:21]} 13. a4 {[%clk 0:16:34]} dxc4
{[%clk 0:13:25]} 14. a5 {[%clk 0:16:43]} Nbd5 {[%clk 0:13:30]} 15. Nxd5
{[%clk 0:16:51]} exd5 {[%clk 0:13:30]} 16. dxc4 {[%clk 0:16:57]} dxc4
{[%clk 0:13:26]} 17. a6 {[%clk 0:16:51]} Rad8 {[%clk 0:13:25]} 18. axb7
{[%clk 0:16:59]} Bxg3 {[%clk 0:12:16]} 19. Qe1 {[%clk 0:17:06]} Qxe1
{[%clk 0:08:23]} 20. Rxe1 {[%clk 0:17:15]} Bb8 {[%clk 0:08:31]} 21. Be3
{[%clk 0:17:23]} Rfe8 {[%clk 0:08:26]} 22. Rec1 {[%clk 0:17:32]} Nd5
{[%clk 0:03:15]} 23. Bxd5 {[%clk 0:14:38]} Rxd5 {[%clk 0:03:21]} 24. Rxc4
{[%clk 0:14:46]} Rdd8 {[%clk 0:01:26]} 25. Rac1 {[%clk 0:14:20]} f6
{[%clk 0:01:26]} 26. Rc8 {[%clk 0:10:18]} Kf7 {[%clk 0:01:35]} 27. Kg2
{[%clk 0:09:07]} Rd7 {[%clk 0:01:37]} 28. Rxe8 {[%clk 0:08:31]} Kxe8
{[%clk 0:01:47]} 29. Rc8+ {[%clk 0:08:40]} Rd8 {[%clk 0:01:56]} 30. Kf3
{[%clk 0:08:49]} Kd7 {[%clk 0:01:51]} 31. Rc4 {[%clk 0:08:57]} g5
{[%clk 0:00:43]} 32. Kg4 {[%clk 0:08:58]} Be5 {[%clk 0:00:16]} 33. Bxa7
{[%clk 0:09:04]} Bb8 {[%clk 0:00:22]} 34. Rd4+ {[%clk 0:09:12]} 1-0

[Event "Russian Rapid Championship (m)"]
[Site "Sochi"]
[Date "2022.10.15"]
[Round "4.1"]
[White "Artemiev, Vladislav"]
[Black "Turov, Maxim"]
[Result "1-0"]
[BlackElo "2528"]
[WhiteElo "2710"]
[LiveChessVersion "1.4.8"]

1. d4 {[%clk 0:15:15]} Nf6 {[%clk 0:15:19]} 2. c4 {[%clk 0:15:22]} e6
{[%clk 0:15:28]} 3. Nc3 {[%clk 0:15:28]} Bb4 {[%clk 0:15:36]} 4. e3
{[%clk 0:15:34]} Ne4 {[%clk 0:15:34]} 5. Qc2 {[%clk 0:15:09]} f5 {[%clk 0:15:38]}
6. Bd3 {[%clk 0:14:03]} O-O {[%clk 0:15:32]} 7. Nge2 {[%clk 0:13:48]} b6
{[%clk 0:15:24]} 8. Bxe4 {[%clk 0:09:19]} fxe4 {[%clk 0:15:32]} 9. Qxe4
{[%clk 0:09:26]} d5 {[%clk 0:15:37]} 10. Qc2 {[%clk 0:09:19]} Ba6
{[%clk 0:14:51]} 11. cxd5 {[%clk 0:08:57]} exd5 {[%clk 0:14:53]} 12. Bd2
{[%clk 0:08:11]} c6 {[%clk 0:12:36]} 13. f3 {[%clk 0:07:36]} c5 {[%clk 0:08:13]}
14. O-O {[%clk 0:06:14]} Nc6 {[%clk 0:08:09]} 15. Rf2 {[%clk 0:04:23]} Rc8
{[%clk 0:08:06]} 16. a3 {[%clk 0:03:48]} Ba5 {[%clk 0:08:00]} 17. Rd1
{[%clk 0:02:48]} Bxe2 {[%clk 0:07:08]} 18. Nxe2 {[%clk 0:02:51]} cxd4
{[%clk 0:07:13]} 19. exd4 {[%clk 0:02:17]} Nxd4 {[%clk 0:02:42]} 20. Qd3
{[%clk 0:02:26]} Bxd2 {[%clk 0:02:48]} 21. Nxd4 {[%clk 0:02:03]} 1-0

[Event "Russian Rapid Championship (m)"]
[Site "Sochi"]
[Date "2022.10.15"]
[Round "4.2"]
[White "Grachev, Boris"]
[Black "Dzhumagaliev, Yan"]
[Result "1/2-1/2"]
[BlackElo "2479"]
[WhiteElo "2612"]
[LiveChessVersion "1.4.8"]

1. Nf3 {[%clk 0:15:15]} Nf6 {[%clk 0:15:18]} 2. c4 {[%clk 0:15:24]} c5
{[%clk 0:15:20]} 3. Nc3 {[%clk 0:15:25]} Nc6 {[%clk 0:15:27]} 4. e3
{[%clk 0:15:32]} e6 {[%clk 0:15:35]} 5. d4 {[%clk 0:15:41]} d5 {[%clk 0:15:44]}
6. cxd5 {[%clk 0:15:50]} exd5 {[%clk 0:15:53]} 7. Bb5 {[%clk 0:15:59]} a6
{[%clk 0:15:40]} 8. Bxc6+ {[%clk 0:16:02]} bxc6 {[%clk 0:15:49]} 9. O-O
{[%clk 0:16:01]} Be7 {[%clk 0:14:27]} 10. dxc5 {[%clk 0:16:02]} Bxc5
{[%clk 0:14:13]} 11. b3 {[%clk 0:14:21]} O-O {[%clk 0:14:08]} 12. Bb2
{[%clk 0:14:30]} Bg4 {[%clk 0:13:54]} 13. Rc1 {[%clk 0:14:33]} Bd6
{[%clk 0:13:58]} 14. Ne2 {[%clk 0:14:22]} Rc8 {[%clk 0:08:38]} 15. Ng3
{[%clk 0:13:33]} Re8 {[%clk 0:08:04]} 16. Qd3 {[%clk 0:13:09]} Ne4
{[%clk 0:06:37]} 17. Nd2 {[%clk 0:09:39]} Nxd2 {[%clk 0:01:53]} 18. Qxd2
{[%clk 0:09:47]} Qg5 {[%clk 0:01:29]} 19. f4 {[%clk 0:08:58]} Qg6
{[%clk 0:01:13]} 20. Qf2 {[%clk 0:08:17]} Bf5 {[%clk 0:01:08]} 21. Rfd1
{[%clk 0:07:26]} h5 {[%clk 0:01:06]} 22. Bd4 {[%clk 0:07:03]} Ba3
{[%clk 0:01:10]} 23. Nxf5 {[%clk 0:06:10]} Qxf5 {[%clk 0:01:13]} 24. Rc2
{[%clk 0:05:51]} c5 {[%clk 0:00:59]} 25. Bb2 {[%clk 0:05:40]} Bxb2
{[%clk 0:01:05]} 26. Rxb2 {[%clk 0:05:48]} c4 {[%clk 0:00:56]} 27. bxc4
{[%clk 0:05:29]} dxc4 {[%clk 0:01:03]} 28. Rc1 {[%clk 0:05:33]} c3
{[%clk 0:00:59]} 29. Rbc2 {[%clk 0:05:31]} Qd3 {[%clk 0:01:02]} 30. Re1
{[%clk 0:04:59]} Qe4 {[%clk 0:00:28]} 31. h3 {[%clk 0:04:52]} Red8
{[%clk 0:00:31]} 32. Rec1 {[%clk 0:04:55]} Rd3 {[%clk 0:00:38]} 33. Re2
{[%clk 0:04:29]} Re8 {[%clk 0:00:33]} 34. Qf3 {[%clk 0:02:56]} Qxf3
{[%clk 0:00:37]} 35. gxf3 {[%clk 0:03:05]} Rexe3 {[%clk 0:00:42]} 36. Rxe3
{[%clk 0:03:14]} Rxe3 {[%clk 0:00:51]} 37. Kf2 {[%clk 0:03:24]} Rd3
{[%clk 0:01:00]} 38. Ke2 {[%clk 0:03:33]} Rd2+ 39. Ke3 Rxa2 {[%clk 0:01:15]} 40.
Rxc3 {[%clk 0:03:52]} Ra5 {[%clk 0:00:54]} 41. Rc6 {[%clk 0:03:47]} g6
{[%clk 0:01:01]} 42. f5 {[%clk 0:03:46]} Rxf5 {[%clk 0:00:30]} 43. Rxa6
{[%clk 0:03:52]} Kg7 {[%clk 0:00:37]} 44. h4 {[%clk 0:03:49]} Rf6
{[%clk 0:00:29]} 45. Ra7 {[%clk 0:03:45]} Rb6 {[%clk 0:00:35]} 46. Kf4
{[%clk 0:03:52]} Kf6 {[%clk 0:00:44]} 47. Ra4 {[%clk 0:03:52]} Rc6
{[%clk 0:00:51]} 48. Rb4 {[%clk 0:04:01]} Ra6 {[%clk 0:00:59]} 49. Rc4
{[%clk 0:04:10]} Ke5+ 50. Ke4+ 1/2-1/2

[Event "Russian Rapid Championship (m)"]
[Site "Sochi"]
[Date "2022.10.15"]
[Round "4.3"]
[White "Nevostrujev, Vladimir"]
[Black "Sjugirov, Sanan"]
[Result "0-1"]
[BlackElo "2609"]
[WhiteElo "2375"]
[LiveChessVersion "1.4.8"]

1. e4 {[%clk 0:15:17]} c5 {[%clk 0:15:14]} 2. Nf3 {[%clk 0:15:26]} e6
{[%clk 0:15:14]} 3. d4 {[%clk 0:15:24]} cxd4 {[%clk 0:15:22]} 4. Nxd4
{[%clk 0:15:31]} a6 {[%clk 0:15:30]} 5. Bd3 {[%clk 0:15:02]} Bc5 {[%clk 0:15:38]}
6. Nb3 {[%clk 0:15:02]} Ba7 {[%clk 0:15:46]} 7. Nc3 {[%clk 0:14:40]} Nc6
{[%clk 0:15:41]} 8. Qe2 {[%clk 0:14:15]} d6 {[%clk 0:15:45]} 9. Be3
{[%clk 0:14:05]} b5 {[%clk 0:15:47]} 10. O-O {[%clk 0:13:47]} Nge7
{[%clk 0:14:30]} 11. f4 {[%clk 0:13:09]} Ng6 {[%clk 0:13:23]} 12. Rae1
{[%clk 0:11:14]} O-O {[%clk 0:13:00]} 13. Kh1 {[%clk 0:10:59]} b4
{[%clk 0:10:01]} 14. Nd1 {[%clk 0:10:07]} a5 {[%clk 0:09:46]} 15. Bb5
{[%clk 0:06:15]} Bd7 {[%clk 0:09:44]} 16. Bxa7 {[%clk 0:02:56]} Rxa7
{[%clk 0:09:51]} 17. Qf2 {[%clk 0:02:58]} Ra8 {[%clk 0:07:06]} 18. Ne3
{[%clk 0:02:23]} a4 {[%clk 0:06:54]} 19. Bxc6 {[%clk 0:02:19]} Bxc6
{[%clk 0:07:00]} 20. Nd4 {[%clk 0:02:26]} Bxe4 {[%clk 0:06:26]} 21. f5
{[%clk 0:02:33]} exf5 {[%clk 0:06:10]} 22. Nexf5 {[%clk 0:02:41]} d5
{[%clk 0:04:48]} 23. Qg3 {[%clk 0:02:22]} Ra6 {[%clk 0:03:24]} 24. h4
{[%clk 0:02:09]} h5 {[%clk 0:03:32]} 25. c3 {[%clk 0:00:59]} a3 {[%clk 0:03:35]}
26. cxb4 {[%clk 0:00:30]} axb2 {[%clk 0:03:41]} 27. Qc3 {[%clk 0:00:38]} Rf6
{[%clk 0:00:25]} 28. Rxe4 {[%clk 0:00:12]} dxe4 {[%clk 0:00:30]} 29. Qxb2
{[%clk 0:00:21]} Qd5 {[%clk 0:00:13]} 30. b5 {[%clk 0:00:18]} Qe5
{[%clk 0:00:18]} 31. Qb4 {[%clk 0:00:20]} e3 {[%clk 0:00:24]} 32. Nc6
{[%clk 0:00:23]} Rxf5 {[%clk 0:00:30]} 33. Nxe5 {[%clk 0:00:28]} Rxf1+
{[%clk 0:00:38]} 34. Kh2 {[%clk 0:00:37]} Nxe5 {[%clk 0:00:47]} 35. Qe4
{[%clk 0:00:34]} Ng4+ {[%clk 0:00:52]} 36. Kg3 {[%clk 0:00:43]} Rf2
{[%clk 0:00:31]} 37. a4 {[%clk 0:00:33]} Rb2 {[%clk 0:00:38]} 38. Qe7
{[%clk 0:00:11]} e2 {[%clk 0:00:41]} 39. b6 {[%clk 0:00:19]} Rb3+
{[%clk 0:00:40]} 40. Kf4 {[%clk 0:00:28]} Ne3 {[%clk 0:00:25]} 0-1